书目信息 |
| 题名: |
获奖短篇小说创作谈
|
|
| 作者: | 牟钟秀 编 | |
| 分册: | ||
| 出版信息: | 北京 文化艺术出版社 1982.6 |
|
| 页数: | 190页 | |
| 开本: | 19cm | |
| 丛书名: | ||
| 单 册: | ||
| 中图分类: | I041 | |
| 科图分类: | ||
| 主题词: | 文学创作--写作学 , 文学创作--创作方法 | |
| 电子资源: | ||
| ISBN: | ||
| 000 | 00681nam0 2200241 45 | |
| 001 | 0211041687 | |
| 005 | 20040428144341.4 | |
| 010 | @dCNY0.60 | |
| 091 | @a10228.021 | |
| 100 | @a20021104d1982 km y0chiy0120 ea | |
| 101 | 0 | @achi |
| 105 | @a z 000cy | |
| 200 | 1 | @a获奖短篇小说创作谈@AHuo Jiang Duan Pian Xiao Shuo Chuang Zuo Tan@e1978-1980@f牟钟秀编@FMu Zhong Xiu Bian |
| 210 | @a北京@c文化艺术出版社@d1982.6 | |
| 215 | @a190页@d19cm | |
| 300 | @a附:获奖短篇小说目录 | |
| 517 | @a1978-1980 | |
| 606 | 0 | @a文学创作@x写作学 |
| 606 | 0 | @a文学创作@x创作方法 |
| 690 | @aI041@v3 | |
| 701 | 0 | @a牟钟秀@4编 |
| 801 | @aCN@bTSTC@c20021104 | |
| 905 | @dI041@e28@f4@b75256-259 | |
| 获奖短篇小说创作谈:1978-1980/牟钟秀编.-北京:文化艺术出版社,1982.6 |
| 190页;19cm |
| 附:获奖短篇小说目录 |
| ISBN :CNY0.60 |
| ● |
| 相关链接 |
|
|
|
|
正题名:获奖短篇小说创作谈
索取号:I041/28
 
预约/预借
| 序号 | 登录号 | 条形码 | 馆藏地/架位号 | 状态 | 备注 |
| 1 | 0075256 | 000904588 | 密集书库/ [索取号:I041/28] | 在馆 | |
| 2 | 0075257 | 000904622 | 第二借阅区/ [索取号:I041/28] | 在馆 | |
| 3 | 0075258 | 000904631 | 密集书库/ [索取号:I041/28] | 在馆 | |
| 4 | 0075259 | 000904640 | 密集书库/ [索取号:I041/28] | 在馆 | |
| 5 | 0075260 | 000904579 | 第一样本阅览室/ [索取号:I041/28] | 在馆 |